000 00391nam a22001697a 4500
005 20160530104224.0
008 160530b xxu||||| |||| 00| 0 eng d
020 _a978-81-7446-644-0
041 _aeng
082 _b5986
100 _aBatra, Satish K. & Kazmi
_91491
245 _aConsumer Behaviour
260 _bExcel Books
300 _a510
650 _aManagement
_9241
942 _cBK
999 _c2111
_d2110